The family of man : (Record no. 2492)
[ view plain ]
| 000 -LEADER | |
|---|---|
| fixed length control field | 00702cam a2200169 4500 |
| 001 - CONTROL NUMBER | |
| control field | 3093 |
| 005 - DATE AND TIME OF LATEST TRANSACTION | |
| control field | 20181127170451.0 |
| 008 - FIXED-LENGTH DATA ELEMENTS--GENERAL INFORMATION | |
| fixed length control field | 960610s1955 nyua c 000 0 eng |
| 010 ## - LIBRARY OF CONGRESS CONTROL NUMBER | |
| LC control number | 55011621 |
| 100 1# - MAIN ENTRY--PERSONAL NAME | |
| Personal name | Steichen, Edward, |
| Dates associated with a name | 1879-1973. |
| 245 14 - TITLE STATEMENT | |
| Title | The family of man : |
| Remainder of title | the greatest photographic exhibition of all time: 503 pictures from 68 countries / |
| Statement of responsibility, etc. | created by Edward Steichen for the Museum of Modern Art. |
| 260 ## - PUBLICATION, DISTRIBUTION, ETC. | |
| Place of publication, distribution, etc. | New York : |
| Name of publisher, distributor, etc. | Published for the Museum of Modern Art by the Maco Magazine Corp., |
| Date of publication, distribution, etc. | c1955. |
| 300 ## - PHYSICAL DESCRIPTION | |
| Extent | 192 p. (chiefly ill.) : |
| Dimensions | 28 cm. |
| 500 ## - GENERAL NOTE | |
| General note | Prologue by Carl Sandburg. |
| 650 #0 - SUBJECT ADDED ENTRY--TOPICAL TERM | |
| Topical term or geographic name entry element | Photography, Artistic |
| General subdivision | Exhibitions. |
| 710 2# - ADDED ENTRY--CORPORATE NAME | |
| Corporate name or jurisdiction name as entry element | Museum of Modern Art (New York, N.Y.) |
| Withdrawn status | Lost status | Source of classification or shelving scheme | Damaged status | Not for loan | Collection code | Home library | Current library | Shelving location | Serial Enumeration / chronology | Inventory number | Total Checkouts | Full call number | Barcode | Date last seen | Price effective from | Koha item type |
|---|---|---|---|---|---|---|---|---|---|---|---|---|---|---|---|---|
| Dewey Decimal Classification | Main TEST | RTC Library | RTC Library | Main opac | 114 | 779 SAN | 30003484 | 27/11/2018 | 27/11/2018 | Main |